[Event "Chigorin Memorial Open"]
[Site "St Petersburg RUS"]
[Date "2011.10.21"]
[Round "8.6"]
[White "Kuzubov, Yuriy"]
[Black "Onischuk, Vladimir"]
[Result "0-1"]
[WhiteTitle "GM"]
[BlackTitle "IM"]
[WhiteElo "2623"]
[BlackElo "2483"]
[WhiteFideId "14112906"]
[BlackFideId "14114038"]
[EventDate "2011.10.14"]

1. e4 d6 2. d4 Nf6 3. Nc3 g6 4. f4 Bg7 5. Nf3 O-O 6. Bd3 Na6 7. O-O c5 8. d5 Rb8
9. Kh1 Nc7 10. a4 a6 11. a5 Bg4 12. h3 Bxf3 13. Qxf3 b5 14. axb6 Rxb6 15. Nd1 e6
16. Ne3 exd5 17. exd5 Qa8 18. c4 Qd8 19. Bc2 Nd7 20. Ba4 f5 21. g4 fxg4 22. Qxg4
Nf6 23. Qg2 Nh5 24. Ng4 Qh4 25. Ra3 Rb4 26. Bd7 Rxc4 27. f5 Kh8 28. fxg6 Nf4 29.
Bxf4 Rcxf4 30. Rxf4 Rxf4 31. Rf3 Qe1+ 32. Kh2 Qe4 33. Re3 Qxg2+ 34. Kxg2 hxg6
35. Bc6 Rf5 36. Rf3 Rxf3 37. Kxf3 Bxb2 38. Ne3 Bf6 39. Nc4 Be7 40. Bb7 Kg7 41.
Kf4 Kf6 42. h4 Kg7 43. Kg4 Ne8 44. Kh3 Nf6 45. Kg3 Kh6 46. Bxa6 Nxd5 47. Bb7 Nf6
48. Ne3 Kg7 49. Nd5 Nh5+ 50. Kg4 Bd8 51. Ba6 Ba5 52. Bc4 Be1 53. Kh3 Ng3 54. Nf4
Nf5 55. Bd3 Nxh4 56. Bb1 g5 57. Nh5+ Kf7 58. Ba2+ Ke7 59. Kg4 Bd2 60. Ng3 Kd7
61. Ne4 Bc1 62. Bd5 Ng6 63. Nf6+ Kd8 64. Ba2 Ne7 65. Be6 Kc7 66. Bb3 Bf4 67. Kf3
Be5 68. Ne4 Nc6 69. Bd5 Bf4 70. Nf6 Nd4+ 71. Ke4 Be5 72. Ng4 Nc6 73. Bc4 Bf4 74.
Kd5 Ne5 75. Nxe5 Bxe5 76. Be2 Kb6 77. Kc4 Ka5 78. Bd1 Bf4 79. Bg4 Ka4 80. Be6
Ka3 81. Kc3 Be5+ 82. Kc4 Kb2 83. Kd3 Bf4 84. Kc4 Kc2 85. Kd5 Kc3 86. Bh3 Kb4 87.
Bg4 c4 88. Ke4 c3 0-1

[Event "Chigorin Memorial Open"]
[Site "St Petersburg RUS"]
[Date "2011.10.21"]
[Round "8.7"]
[White "Maiorov, Nikita1"]
[Black "Burmakin, Vladimir"]
[Result "1-0"]
[WhiteTitle "GM"]
[BlackTitle "GM"]
[WhiteElo "2558"]
[BlackElo "2588"]
[WhiteFideId "13501720"]
[BlackFideId "4105109"]
[EventDate "2011.10.14"]

1. d4 c6 2. c4 Nf6 3. Nc3 d5 4. e3 a6 5. Qc2 g6 6. Bd3 Bg7 7. Nf3 O-O 8. O-O Bg4
9. Ne5 Be6 10. c5 Nfd7 11. Nxd7 Nxd7 12. Bd2 Qc7 13. b4 Rfb8 14. Na4 Rf8 15.
Rab1 Qd8 16. Nc3 f6 17. f4 Bf7 18. f5 Qe8 19. e4 dxe4 20. Nxe4 gxf5 21. Rxf5 Bg6
22. Re1 Qd8 23. Rff1 Re8 24. Ng3 Nf8 25. Bc4+ Kh8 26. Qb2 Qd7 27. Bc3 Rad8 28.
Rd1 Qg4 29. Qf2 Qh4 30. Qe2 e6 31. Be1 e5 32. Nf5 Qg5 33. h4 Qxf5 34. Rxf5 Bxf5
35. dxe5 Rxd1 36. Qxd1 fxe5 37. Qf3 Bg6 38. h5 e4 39. Qg4 1-0

[Event "Chigorin Memorial Open"]
[Site "St Petersburg RUS"]
[Date "2011.10.21"]
[Round "8.8"]
[White "Antipov, Mikhail Al."]
[Black "Bocharov, Dmitry"]
[Result "0-1"]
[WhiteTitle "IM"]
[BlackTitle "GM"]
[WhiteElo "2412"]
[BlackElo "2582"]
[WhiteFideId "4107012"]
[BlackFideId "4138716"]
[EventDate "2011.10.14"]

1. e4 c5 2. Nf3 Nc6 3. Bb5 e6 4. O-O Nge7 5. Re1 a6 6. Bf1 d5 7. exd5 Nxd5 8. d4
cxd4 9. Nxd4 Bd6 10. c4 Nde7 11. Nxc6 bxc6 12. Nc3 Qc7 13. g3 O-O 14. Bg2 Nf5
15. Be3 Rb8 16. Qc2 c5 17. b3 Be5 18. Rad1 Nxe3 19. Rxe3 Bd4 20. Ree1 e5 21. Nd5
Qd6 22. Kh1 f5 23. Qe2 Bb7 24. f4 e4 25. Ne3 a5 26. Rd2 Qb6 27. Red1 Rbd8 28. h4
g6 29. Kh2 Kg7 30. Bh3 a4 31. bxa4 Bc6 32. Nd5 Qa5 33. Bf1 Bxa4 34. Rb1 Rb8 35.
Rxb8 Rxb8 36. g4 fxg4 37. Bg2 e3 38. Nxe3 Re8 39. Rd3 Qd8 40. Qf2 Qe7 41. Rxd4
cxd4 42. Nxg4 Qc5 43. Bd5 Bd7 44. Ne5 Be6 45. Nd3 Qb6 46. Qe1 Bf7 47. Ne5 Bxd5
48. cxd5 Qb2+ 49. Kh1 d3 50. Qg1 Rxe5 51. fxe5 Qxe5 52. Kg2 d2 53. Qd1 Qe1 54.
Qc2 Qe2+ 55. Kg3 Kh6 56. Qa4 Qe1+ 57. Kg2 d1=Q 58. Qf4+ Kg7 59. Qc7+ Kf8 60.
Qf4+ Ke8 0-1

[Event "Chigorin Memorial Open"]
[Site "St Petersburg RUS"]
[Date "2011.10.21"]
[Round "8.9"]
[White "Rozum, Ivan"]
[Black "Sjugirov, Sanan"]
[Result "1/2-1/2"]
[WhiteTitle "IM"]
[BlackTitle "GM"]
[WhiteElo "2481"]
[BlackElo "2627"]
[WhiteFideId "24104272"]
[BlackFideId "4189302"]
[EventDate "2011.10.14"]

1. d4 d5 2. Nf3 Nf6 3. c4 c6 4. Qc2 e6 5. Bg5 h6 6. Bxf6 Qxf6 7. Nbd2 dxc4 8. e3
b5 9. a4 Bb7 10. axb5 cxb5 11. b3 Bb4 12. bxc4 bxc4 13. Qxc4 Qe7 14. Rc1 O-O 15.
Qc7 Nc6 16. Rxc6 Bxc6 17. Qxc6 Rac8 18. Qb5 Rc1+ 19. Ke2 a5 20. g4 Qe8 21. Qxe8
Rxe8 22. Bg2 Rec8 23. Rxc1 Rxc1 24. Ne1 a4 25. Nd3 Bxd2 26. Nxc1 Bxc1 27. Be4 a3
28. Bb1 Kf8 29. h4 Ke7 30. Ba2 f5 31. g5 h5 32. f4 Bb2 33. Kd3 Kd6 34. Bb3 Ke7
35. Ba2 Kd6 36. Bb3 Ke7 37. Ba2 1/2-1/2

[Event "Chigorin Memorial Open"]
[Site "St Petersburg RUS"]
[Date "2011.10.21"]
[Round "8.10"]
[White "Neverov, Valeriy"]
[Black "Kokarev, Dmitry"]
[Result "1-0"]
[WhiteTitle "GM"]
[BlackTitle "GM"]
[WhiteElo "2508"]
[BlackElo "2619"]
[WhiteFideId "14100150"]
[BlackFideId "4132181"]
[EventDate "2011.10.14"]

1. d4 Nf6 2. c4 g6 3. Nc3 Bg7 4. e4 d6 5. f3 O-O 6. Bg5 c5 7. d5 e6 8. Qd2 h6 9.
Be3 exd5 10. cxd5 Re8 11. a4 a6 12. Nge2 Nbd7 13. Nc1 Nh7 14. Be2 f5 15. exf5
gxf5 16. Nd3 Ng5 17. Nf4 Ne5 18. h4 Ngf7 19. Kf1 Qe7 20. Bf2 Bd7 21. a5 Nh8 22.
Nh5 Qf7 23. Nxg7 Kxg7 24. h5 Kh7 25. Qc2 Rg8 26. Rh4 Qg7 27. g3 Qf6 28. f4 Nef7 1-0

[Event "Chigorin Memorial Open"]
[Site "St Petersburg RUS"]
[Date "2011.10.21"]
[Round "8.11"]
[White "Ionov, Sergey"]
[Black "Andriasian, Zaven"]
[Result "1/2-1/2"]
[WhiteTitle "GM"]
[BlackTitle "GM"]
[WhiteElo "2540"]
[BlackElo "2615"]
[WhiteFideId "4100875"]
[BlackFideId "13302000"]
[EventDate "2011.10.14"]

1. d4 d5 2. c4 c6 3. Nf3 Nf6 4. Nc3 dxc4 5. a4 Bf5 6. e3 e6 7. Bxc4 Bb4 8. Ne5
Nbd7 9. Nxd7 Qxd7 10. O-O Bg6 11. f3 O-O 12. Qb3 Qe7 13. e4 Rfd8 14. Rd1 e5 15.
Be3 exd4 16. Bxd4 Bc5 17. Bxc5 Qxc5+ 18. Kf1 h5 19. Rxd8+ Rxd8 20. Rd1 Rxd1+ 21.
Nxd1 h4 22. Nf2 Nh5 23. Qc3 Qg5 24. Nd3 Kh7 25. Qc1 Qa5 26. Bb3 Qb6 27. Qc3 Qe3
28. Nf2 Qf4 29. Kg1 Qd6 30. Nd3 Qd8 31. Kf1 Qd6 32. Kg1 Qd8 33. Kf1 Qd6 34. Kg1
Qd8 35. Kf1 1/2-1/2

[Event "Chigorin Memorial Open"]
[Site "St Petersburg RUS"]
[Date "2011.10.21"]
[Round "8.12"]
[White "Mastrovasilis, Athanasios"]
[Black "Volkov, Sergey"]
[Result "0-1"]
[WhiteTitle "GM"]
[BlackTitle "GM"]
[WhiteElo "2529"]
[BlackElo "2614"]
[WhiteFideId "4201990"]
[BlackFideId "4122763"]
[EventDate "2011.10.14"]

1. d4 d5 2. Nf3 Nf6 3. c4 c6 4. Qb3 g6 5. g3 dxc4 6. Qxc4 Be6 7. Qa4 Bg7 8. Bg2
Qc8 9. Nc3 Bh3 10. O-O Bxg2 11. Kxg2 b5 12. Qc2 O-O 13. Bg5 Nbd7 14. Bxf6 Nxf6
15. Ne4 Nd5 16. Nc5 a5 17. Qe4 a4 18. a3 Qc7 19. Rac1 Rac8 20. h4 Rfd8 21. e3
Nf6 22. Qf4 Rd6 23. Ne5 e6 24. Rc2 Nd5 25. Qe4 f6 26. Ned3 e5 27. dxe5 fxe5 28.
Nb4 Nf6 29. Qf3 Qe7 30. Ne4 Nxe4 31. Qxe4 c5 32. Rfc1 c4 33. Nd5 Qf7 34. Nc3 Qd7
35. h5 gxh5 36. Rh1 h6 37. Rxh5 Rf8 38. g4 Rf4 39. exf4 Qxg4+ 40. Kf1 Qxh5 41.
fxe5 Bxe5 42. f4 Bxc3 43. Rg2+ Bg7 44. Rxg7+ Kxg7 45. Qe7+ Kg8 46. Qxd6 Qf3+ 47.
Kg1 Qg3+ 48. Kh1 Qe1+ 49. Kh2 Qe2+ 50. Kh1 Qe4+ 51. Kh2 Qc2+ 52. Kh1 Qb1+ 53.
Kh2 Qxb2+ 54. Kh3 Qc3+ 55. Kh4 Qe1+ 56. Kh3 Qh1+ 57. Kg3 Qb7 58. Kh2 Qf7 59. Qe5
c3 60. Qxc3 Qxf4+ 61. Kg2 Qg5+ 62. Kh2 Qh5+ 63. Kg2 Qd5+ 64. Kh2 Kf7 65. Kg1 h5
66. Qe3 Kg6 67. Qe8+ Kg5 68. Qe3+ Kf5 69. Qf2+ Kg6 70. Qc2+ Kh6 71. Qc3 Qg5+ 72.
Kh1 Qh4+ 73. Kg2 Qe4+ 74. Kh2 Kg5 75. Qg7+ Kf4 76. Qf6+ Qf5 77. Qd4+ Kf3 78.
Qd1+ Kf4 79. Qd4+ Qe4 80. Qf2+ Ke5 81. Qb2+ Ke6 82. Qc1 Qe2+ 83. Kg1 Kd5 84. Qc3
h4 85. Qb4 h3 0-1

[Event "Chigorin Memorial Open"]
[Site "St Petersburg RUS"]
[Date "2011.10.21"]
[Round "8.13"]
[White "Dvoirys, Semen I."]
[Black "Yevseev, Denis"]
[Result "1/2-1/2"]
[WhiteTitle "GM"]
[BlackTitle "GM"]
[WhiteElo "2598"]
[BlackElo "2529"]
[WhiteFideId "4100379"]
[BlackFideId "4126378"]
[EventDate "2011.10.14"]

1. e4 c6 2. d4 d5 3. Nd2 dxe4 4. Nxe4 Bf5 5. Ng3 Bg6 6. h4 h6 7. Nf3 e6 8. h5
Bh7 9. Bd3 Bxd3 10. Qxd3 Nf6 11. Ne4 Nbd7 12. c4 Nxe4 13. Qxe4 Bb4+ 14. Kf1 Nf6
15. Qe2 Be7 16. Bf4 O-O 17. g4 b5 18. g5 hxg5 19. Bxg5 bxc4 20. h6 g6 21. Rc1
Rb8 22. Rxc4 Qd5 23. h7+ Kh8 24. Rc5 Qxa2 25. Qe5 Qb1+ 26. Kg2 Qf5 27. Qxb8 Bxc5
28. Qe5 Be7 29. Qxf5 gxf5 30. Ra1 Ra8 31. Ne5 Kxh7 32. Nxc6 Kg6 33. Bd2 Nd5 34.
Rxa7 Rxa7 35. Nxa7 Bb4 36. Bxb4 Nxb4 37. Kf3 Kf6 38. Ke2 Ke7 39. Nb5 Kd7 40. Nc3
Kc6 1/2-1/2

[Event "Chigorin Memorial Open"]
[Site "St Petersburg RUS"]
[Date "2011.10.21"]
[Round "8.14"]
[White "Jumabayev, Rinat"]
[Black "Gavrilov, Alexei1"]
[Result "1-0"]
[WhiteTitle "GM"]
[BlackTitle "GM"]
[WhiteElo "2589"]
[BlackElo "2509"]
[WhiteFideId "13702661"]
[BlackFideId "4104358"]
[EventDate "2011.10.14"]

1. d4 Nf6 2. c4 e6 3. Nf3 b6 4. g3 Bb7 5. Bg2 Be7 6. Nc3 Ne4 7. Bd2 f5 8. d5 Bf6
9. Qc2 Nxc3 10. Bxc3 O-O 11. Rd1 d6 12. O-O Bxc3 13. Qxc3 e5 14. c5 bxc5 15.
Nxe5 dxe5 16. Qb3 Ba6 17. d6+ c4 18. dxc7 Qxc7 19. Bd5+ Kh8 20. Qa3 Nc6 21. Qxa6
Rac8 22. Qxc4 Nd4 23. Qxc7 Nxe2+ 24. Kg2 Rxc7 25. Rfe1 Nd4 26. Rxe5 Nc2 27. Bb3
h6 28. Rd2 Nb4 29. Rd4 Nc6 30. Rc4 Nxe5 31. Rxc7 f4 32. gxf4 Nd3 33. Rxa7 Rxf4
34. Rf7 Rg4+ 35. Kh3 Rd4 36. Rf8+ Kh7 37. Bc2 g6 38. Bxd3 Rxd3+ 39. Kg2 g5 40.
Rf6 g4 41. Rb6 h5 42. Rb3 Rd4 43. h3 gxh3+ 44. Kxh3 Kg6 45. a3 Rd1 46. a4 Rd5
47. Ra3 Rd2 48. a5 Rxb2 49. a6 Rb8 50. a7 Ra8 51. Ra5 Kh6 52. Kh4 Kg6 53. f4 Kh6
54. Ra6+ Kg7 55. Kxh5 Kf7 56. Kg5 Ke7 57. Rh6 Kf7 58. Rh7+ Ke6 59. f5+ Kd6 60.
Kg6 Rg8+ 61. Rg7 Rf8 62. f6 Ra8 63. f7 1-0

[Event "Chigorin Memorial Open"]
[Site "St Petersburg RUS"]
[Date "2011.10.21"]
[Round "8.15"]
[White "Shinkevich, Vitaly"]
[Black "Deviatkin, Andrei"]
[Result "0-1"]
[WhiteTitle "IM"]
[BlackTitle "GM"]
[WhiteElo "2480"]
[BlackElo "2580"]
[WhiteFideId "4122690"]
[BlackFideId "4121260"]
[EventDate "2011.10.14"]

1. d4 d5 2. c4 c6 3. Nf3 Nf6 4. Nc3 dxc4 5. g3 g6 6. Bg2 Bg7 7. O-O O-O 8. e4
Bg4 9. h3 Bxf3 10. Bxf3 e5 11. dxe5 Nfd7 12. e6 fxe6 13. Be2 Ne5 14. Be3 Qe7 15.
f4 Nd3 16. Qb1 e5 17. Bxd3 cxd3 18. Qxd3 exf4 19. gxf4 Nd7 20. Rad1 Nb6 21. e5
Rad8 22. Qe4 Qe6 23. Kg2 Nd5 24. Bxa7 Nxc3 25. bxc3 Qxa2+ 26. Bf2 Rd2 27. Rxd2
Qxd2 28. Qe3 Qd5+ 29. Kg1 Qc4 30. Bh4 h6 31. Be7 Rf5 32. e6 Qxc3 33. Qxc3 Bxc3
34. Rb1 b5 35. Kf2 Rxf4+ 36. Ke3 Rf5 37. Bd6 Rf6 38. e7 Kf7 0-1

[Event "Chigorin Memorial Open"]
[Site "St Petersburg RUS"]
[Date "2011.10.21"]
[Round "8.17"]
[White "Khakimov, Timur"]
[Black "Shomoev, Anton"]
[Result "0-1"]
[WhiteTitle "IM"]
[BlackTitle "GM"]
[WhiteElo "2281"]
[BlackElo "2577"]
[WhiteFideId "4169115"]
[BlackFideId "4135148"]
[EventDate "2011.10.14"]

1. e4 c5 2. Nf3 d6 3. d4 cxd4 4. Nxd4 Nf6 5. Nc3 a6 6. h3 e6 7. g4 h6 8. Bg2 g5
9. Be3 Nbd7 10. Qe2 Ne5 11. f4 gxf4 12. Bxf4 Bd7 13. Rf1 Be7 14. Nf3 Qa5 15.
O-O-O O-O-O 16. Nxe5 dxe5 17. Bd2 Be8 18. Kb1 Qc7 19. h4 Nd7 20. g5 hxg5 21.
hxg5 Nf8 22. Be3 Rxd1+ 23. Rxd1 Ng6 24. Qf2 Nf4 25. Bxf4 exf4 26. e5 Qxe5 27.
Qa7 Qb8 28. Qb6 Rg8 29. Bh3 Bc6 30. Nd5 Qd6 31. Nxe7+ Qxe7 32. Bf1 Rd8 33. Re1
Rd6 34. Qa5 Qd8 35. Qxd8+ Kxd8 36. Bd3 Ke7 37. Kc1 Rd8 38. Rf1 e5 39. Re1 Ke6
40. b3 Rg8 41. Rg1 e4 42. Bc4+ Bd5 43. Bxd5+ Kxd5 44. Rd1+ Ke5 45. Rd7 Rxg5 46.
Rxf7 f3 0-1

[Event "Chigorin Memorial Open"]
[Site "St Petersburg RUS"]
[Date "2011.10.21"]
[Round "8.18"]
[White "Demchenko, Anton"]
[Black "Alekseenko, Kirill"]
[Result "1/2-1/2"]
[WhiteTitle "IM"]
[BlackTitle "FM"]
[WhiteElo "2574"]
[BlackElo "2303"]
[WhiteFideId "4160258"]
[BlackFideId "4135539"]
[EventDate "2011.10.14"]

1. e4 e5 2. Nf3 Nc6 3. d4 exd4 4. Nxd4 Bc5 5. Nxc6 bxc6 6. Bd3 d6 7. O-O Ne7 8.
Nc3 O-O 9. Kh1 Be6 10. Qh5 f5 11. Bd2 Qe8 12. Qg5 Qf7 13. f4 Rae8 14. Rae1 h6
15. Qg3 fxe4 16. Nxe4 Nf5 17. Qf3 Nh4 18. Qg3 Nf5 19. Qf3 Bb6 20. Nc3 Nd4 21.
Qg3 Bf5 22. Rxe8 Rxe8 23. Rc1 Bxd3 24. Qxd3 Qf5 25. h3 Kf7 26. Qxf5+ Nxf5 27. g4
Nd4 28. Kg2 Ne2 29. Rd1 Nxc3 30. bxc3 Re4 31. Kf3 Ra4 32. Ra1 Ba5 33. Ke2 Ra3
34. Kd3 d5 35. f5 c5 36. Be1 Ke7 37. Rb1 Rxa2 38. Rb8 Ra1 39. Ke2 Ra3 40. Rg8
Kf7 41. Rc8 c4 42. h4 Ra2 43. Kd1 Kf6 44. Re8 Ra1+ 45. Ke2 Rc1 46. Kd2 Rb1 47.
Ke2 Rb2 48. Kd1 Rb6 49. Rf8+ Ke7 50. Rg8 Kf7 51. Ra8 a6 52. g5 hxg5 53. hxg5 g6
54. f6 d4 55. Rh8 Rb5 1/2-1/2

[Event "Chigorin Memorial Open"]
[Site "St Petersburg RUS"]
[Date "2011.10.21"]
[Round "8.19"]
[White "Zontakh, Andrey"]
[Black "Krylov, Mikhail"]
[Result "1/2-1/2"]
[WhiteTitle "GM"]
[BlackTitle "IM"]
[WhiteElo "2569"]
[BlackElo "2471"]
[WhiteFideId "14101130"]
[BlackFideId "4151364"]
[EventDate "2011.10.14"]

1. Nf3 Nf6 2. c4 g6 3. Nc3 Bg7 4. d4 d6 5. g3 O-O 6. Bg2 Nc6 7. O-O a6 8. Qd3
Bf5 9. e4 Bg4 10. Be3 Nd7 11. Ne1 e5 12. d5 Nd4 13. f3 Nc5 14. Qd2 Bd7 15. Nc2
Nxc2 16. Qxc2 a5 17. Rad1 b6 18. b3 f5 19. exf5 gxf5 20. f4 e4 21. Nb5 Bxb5 22.
cxb5 Qf6 23. Rf2 Rf7 24. Bf1 Qc3 25. Qxc3 Bxc3 26. Rc2 Bb4 27. Rc4 Ba3 28. Be2
Kg7 29. h3 Kg6 30. g4 h5 31. Kg2 Rg8 32. Rg1 Kf6 33. Kg3 Rh7 34. Bd4+ Ke7 35. g5
h4+ 36. Kf2 Kf7 37. Ke3 Kg6 38. Rb1 Re8 39. Bb2 Bxb2 40. Rxb2 Nd3 41. Rd2 Nc5
42. Rdc2 Ree7 43. R2c3 Rh8 44. a3 Rhh7 45. b4 Nb7 46. bxa5 Nxa5 47. Ra4 Rh8 48.
Rxa5 bxa5 49. Rc6 Ra8 50. a4 1/2-1/2

[Event "Chigorin Memorial Open"]
[Site "St Petersburg RUS"]
[Date "2011.10.21"]
[Round "8.20"]
[White "Oparin, Grigoriy"]
[Black "Rychagov, Andrey"]
[Result "1-0"]
[WhiteTitle "IM"]
[BlackTitle "GM"]
[WhiteElo "2413"]
[BlackElo "2556"]
[WhiteFideId "24125890"]
[BlackFideId "4119932"]
[EventDate "2011.10.14"]

1. e4 e6 2. d4 d5 3. Nc3 Nf6 4. e5 Nfd7 5. f4 c5 6. Nf3 Nc6 7. Be3 Be7 8. a3 O-O
9. Bd3 b6 10. O-O f5 11. exf6 Nxf6 12. Ne5 Bb7 13. Qf3 Bd6 14. Nb5 Bb8 15. dxc5
Bxe5 16. fxe5 Nxe5 17. Qg3 Nxd3 18. cxd3 Qd7 19. Nd6 Ba6 20. Bd4 Kh8 21. b4 bxc5
22. bxc5 Qa4 23. Rf4 Qc2 24. Rf3 e5 25. Bxe5 Qxc5+ 26. Kh1 Rad8 27. Raf1 Rd7 28.
h3 d4 29. Rxf6 1-0

[Event "Chigorin Memorial Open"]
[Site "St Petersburg RUS"]
[Date "2011.10.21"]
[Round "8.21"]
[White "Rakhmanov, Aleksandr"]
[Black "Girya, Olga"]
[Result "1-0"]
[WhiteTitle "GM"]
[BlackTitle "WGM"]
[WhiteElo "2592"]
[BlackElo "2390"]
[WhiteFideId "4173708"]
[BlackFideId "4195752"]
[EventDate "2011.10.14"]

1. d4 d5 2. c4 c6 3. Nf3 Nf6 4. Qb3 dxc4 5. Qxc4 Bf5 6. g3 e6 7. Bg2 Nbd7 8. O-O
Nb6 9. Qb3 Qd5 10. Nbd2 Be7 11. e3 O-O 12. Qd1 Qd8 13. Qe2 h6 14. Ne5 Bh7 15.
Nb3 Nfd7 16. Nxd7 Nxd7 17. e4 a5 18. Be3 a4 19. Nc5 Nxc5 20. dxc5 Qa5 21. Rfc1
Rfd8 22. Rc4 Bg6 23. h4 Qb5 24. Bf1 e5 25. h5 Bh7 26. Rac1 Kf8 27. Qc2 Qa5 28.
a3 Bg5 29. Bxg5 hxg5 30. Rb4 Qc7 31. Rd1 Rxd1 32. Qxd1 Rd8 33. Qxa4 f6 34. Qa7
Rd7 35. Bh3 Rd1+ 36. Kh2 Rd2 37. Rxb7 1-0

[Event "Chigorin Memorial Open"]
[Site "St Petersburg RUS"]
[Date "2011.10.21"]
[Round "8.22"]
[White "Mozharov, Mikhail"]
[Black "Korobov, Anton"]
[Result "1/2-1/2"]
[WhiteTitle "IM"]
[BlackTitle "GM"]
[WhiteElo "2459"]
[BlackElo "2671"]
[WhiteFideId "4189825"]
[BlackFideId "14105730"]
[EventDate "2011.10.14"]

1. d4 Nf6 2. c4 e6 3. Nc3 Bb4 4. Qc2 O-O 5. e4 d5 6. e5 Ne4 7. Bd3 c5 8. Ne2
cxd4 9. Nxd4 Nd7 10. Bf4 Ndc5 11. O-O Bxc3 12. bxc3 Bd7 13. Nb3 Nxd3 14. Qxd3
Rc8 15. f3 Nc5 16. Nxc5 Rxc5 17. cxd5 Bb5 18. Qe3 Rxd5 19. Rfc1 b6 20. c4 Rd3
21. Qf2 Bc6 22. h3 Qd7 23. Rab1 h6 24. Rb3 Rd8 25. Be3 Qe7 26. Rxd3 Rxd3 27. Qe2
Qa3 28. Kf2 Rd7 29. Rc2 Qa5 30. Bc1 Qc5+ 31. Qe3 Qe7 32. Kg3 Qb4 33. Ba3 Qb1 34.
Rd2 Rxd2 35. Qxd2 Kh7 36. Bd6 Bb7 37. a3 Qg6+ 38. Kf2 1/2-1/2

[Event "Chigorin Memorial Open"]
[Site "St Petersburg RUS"]
[Date "2011.10.21"]
[Round "8.25"]
[White "Shimanov, Aleksandr"]
[Black "Stukopin, Andrey"]
[Result "1-0"]
[WhiteTitle "GM"]
[BlackTitle "IM"]
[WhiteElo "2565"]
[BlackElo "2438"]
[WhiteFideId "4198603"]
[BlackFideId "24107131"]
[EventDate "2011.10.14"]

1. c4 e5 2. g3 Nc6 3. Bg2 g6 4. Nc3 d6 5. Rb1 Be6 6. Nd5 Bg7 7. b4 Qd7 8. d3 Nd8
9. Nf3 c6 10. Nc3 h6 11. c5 d5 12. d4 Bf5 13. e4 exd4 14. Nxd4 Bxe4 15. Nxe4
dxe4 16. Bb2 Nf6 17. O-O O-O 18. Qb3 Re8 19. Rfe1 a5 20. Rbd1 Qd5 21. Qa4 Ne6
22. Nxe6 Qxe6 23. bxa5 Qf5 24. Bxf6 Bxf6 25. Rxe4 Qxc5 26. Qb3 Qxa5 27. Rd7 Rf8
28. Rf4 Kg7 29. Rxf6 Qe1+ 30. Bf1 Kxf6 31. Qb2+ Kf5 32. Qd4 g5 33. Rd6 f6 34.
Qd3+ Ke5 35. Qd4+ Kf5 36. Qd3+ Ke5 37. Rd7 Ke6 38. g4 Qe5 39. Qh7 Qc5 40. Bc4+ 1-0

[Event "Chigorin Memorial Open"]
[Site "St Petersburg RUS"]
[Date "2011.10.21"]
[Round "8.26"]
[White "Ajrapetian, Gevorg"]
[Black "Vysochin, Spartak"]
[Result "1-0"]
[WhiteTitle "IM"]
[BlackTitle "GM"]
[WhiteElo "2420"]
[BlackElo "2558"]
[WhiteFideId "4174232"]
[BlackFideId "14103516"]
[EventDate "2011.10.14"]

1. e4 e5 2. Nf3 Nc6 3. Bc4 Bc5 4. c3 Nf6 5. d3 O-O 6. O-O d6 7. Nbd2 a6 8. a4
Ba7 9. Re1 Ne7 10. Nf1 Ng6 11. Ng3 c6 12. Bb3 h6 13. h3 Qc7 14. d4 Be6 15. Bxe6
fxe6 16. Qb3 Rae8 17. dxe5 dxe5 18. Be3 Bxe3 19. fxe3 Rf7 20. Red1 Nd7 21. a5
Nc5 22. Qc4 Qe7 23. Rd2 Ref8 24. b4 Rxf3 25. gxf3 Nh4 26. Nf5 Nxf3+ 27. Kh1 Rxf5
28. exf5 Nxd2 29. Qxc5 Qh4 30. Qxe5 Qxh3+ 31. Qh2 Qxe3 32. fxe6 Qe4+ 33. Qg2 Nf3
34. Qf2 Ng5+ 35. Qg2 Nf3 36. Qg3 Ng5+ 37. Kg1 Qxe6 38. Rf1 Qe4 39. Kh2 Kh7 40.
Kg1 Qe2 41. Rf8 Qd1+ 42. Kg2 Qc2+ 43. Rf2 Qe4+ 44. Kh2 Qg6 45. Qg4 Qe8 46. Qf5+
Kg8 47. Kg2 Nh7 48. Qg4 Kh8 49. Re2 Qd8 50. Qf5 Nf6 51. c4 h5 52. Kh3 Qd6 53. c5
Qd8 54. Kg2 Kg8 55. Qe6+ Kh7 56. Qf5+ Kh6 57. Qf4+ Kg6 58. Qd6 Qg8 59. Qe6 Qh7
60. Kh3 Kh6 61. Qe3+ g5 62. Kg2 h4 63. Qe6 Qg6 64. Rf2 Nd5 65. Qe5 Nf4+ 66. Kh2
Qd3 67. Qd6+ Kh5 68. Qxd3 Nxd3 69. Rf7 g4 70. Rxb7 g3+ 71. Kg1 h3 72. b5 Nf4 73.
Re7 Kg4 74. bxc6 h2+ 75. Kh1 Nh3 76. Rg7+ Kf3 77. Rf7+ Ke2 78. Kg2 Nf2 79. Rh7 1-0

[Event "Chigorin Memorial Open"]
[Site "St Petersburg RUS"]
[Date "2011.10.21"]
[Round "8.27"]
[White "Bodnaruk, Anastasia"]
[Black "Popov, Valerij"]
[Result "0-1"]
[WhiteTitle "IM"]
[BlackTitle "GM"]
[WhiteElo "2417"]
[BlackElo "2545"]
[WhiteFideId "4181751"]
[BlackFideId "4119410"]
[EventDate "2011.10.14"]

1. e4 c5 2. Nf3 d6 3. d4 cxd4 4. Nxd4 Nf6 5. Nc3 a6 6. h3 e6 7. g4 h6 8. Bg2 g5
9. Nb3 Nc6 10. Qe2 Nd7 11. h4 Rg8 12. h5 Bg7 13. Be3 Be5 14. O-O b5 15. a3 Bb7
16. Rfd1 Rc8 17. f3 Ke7 18. Qf2 Na5 19. Nxa5 Qxa5 20. Bd4 Rgd8 21. Na2 Bxd4 22.
Rxd4 e5 23. Rd2 Nf8 24. Rad1 Ne6 25. Nb4 Qc7 26. c3 Nf4 27. Nc2 Rb8 28. Ne3 Bc8
29. Nd5+ Nxd5 30. Rxd5 Be6 31. R5d2 Rd7 32. Bf1 Bb3 33. Re1 Rbd8 34. Be2 Be6 35.
Bd1 a5 36. Bc2 Qc6 37. Ra1 Rb8 38. Qe3 Rbb7 39. Kg2 Rd8 40. Kg3 b4 41. axb4 axb4
42. Bd1 bxc3 43. bxc3 Rb6 44. Ra7+ Rb7 45. Ra3 Qc7 0-1

[Event "Chigorin Memorial Open"]
[Site "St Petersburg RUS"]
[Date "2011.10.21"]
[Round "8.28"]
[White "Epishin, Vladimir"]
[Black "Chekhov, Sergei"]
[Result "1/2-1/2"]
[WhiteTitle "GM"]
[BlackTitle "FM"]
[WhiteElo "2544"]
[BlackElo "2414"]
[WhiteFideId "4162714"]
[BlackFideId "4195639"]
[EventDate "2011.10.14"]

1. d4 Nf6 2. Nf3 g6 3. c4 Bg7 4. Nc3 O-O 5. e4 d6 6. Be2 Nc6 7. d5 Nb8 8. O-O
Bg4 9. Be3 Nbd7 10. Nd4 Bxe2 11. Qxe2 Rc8 12. Rfd1 c6 13. dxc6 bxc6 14. b4 c5
15. bxc5 Nxc5 16. f3 Nfd7 17. Rac1 a6 18. Nb3 Be5 19. Rc2 e6 20. Qf2 Qe7 21. Ne2
Rc7 22. Ng3 Rfc8 23. Nf1 Nxb3 24. axb3 Rb7 25. Rb1 Nc5 26. b4 Rcb8 27. Qd2 Bg7
28. Ra2 Qc7 29. Bf2 Qc6 30. Ra5 Bf6 31. h3 Bd8 32. Ra2 Bf6 33. Ra5 Nd7 34. b5
axb5 35. Raxb5 Rxb5 36. cxb5 Rxb5 37. Rxb5 Qxb5 38. Qxd6 Be5 39. Qa3 Kg7 40. g3
Qc4 41. Qa7 Nb8 42. Kg2 Nc6 43. Qc5 Qxc5 44. Bxc5 h5 45. g4 hxg4 46. fxg4 f5 47.
Kf3 Kf6 48. Ne3 Bd4 49. Bxd4+ Nxd4+ 50. Kg3 Ke5 51. exf5 exf5 52. gxf5 Nxf5+ 53.
Nxf5 Kxf5 54. h4 Kf6 55. Kf4 Kf7 56. Kg5 Kg7 57. h5 gxh5 58. Kxh5 1/2-1/2